| 000 | 00440nam a22001217a 4500 | ||
|---|---|---|---|
| 082 | _a200 THE | ||
| 100 |
_aANUM TARIQ _915637 |
||
| 245 | _aTH-SOF-1431-Assessment of Project Management Maturity in IT Power Sector Organization of Pakistan and Recommendations for its Improvement | ||
| 260 |
_aIslamabad _bNUST College of EME _c2017 |
||
| 650 |
_aMS-EM-9 MSTHESIS _969389 |
||
| 700 |
_aSupervisor Dr. Faheem Qaisar Jamal _969764 |
||
| 942 | _cCF | ||
| 999 |
_c577295 _d577295 |
||